| 000 -LEADER | |
|---|---|
| fixed length control field | 00467nam a22001697a 4500 |
| 005 - DATE AND TIME OF LATEST TRANSACTION | |
| control field | 20230119122912.0 |
| 008 - FIXED-LENGTH DATA ELEMENTS--GENERAL INFORMATION | |
| fixed length control field | 210227b ||||| |||| 00| 0 eng d |
| 020 ## - INTERNATIONAL STANDARD BOOK NUMBER | |
| ISBN | 979384875399 |
| 041 ## - LANGUAGE CODE | |
| Language code of text/sound track or separate title | eng |
| 082 ## - DEWEY DECIMAL CLASSIFICATION NUMBER | |
| Classification number | 615.19 SHA-L |
| 100 ## - MAIN ENTRY--AUTHOR NAME | |
| Personal name | SHAHARE HITESH V AND AMRUTKAR |
| 245 ## - TITLE STATEMENT | |
| Title | LAB MANUAL OF PHARMACEUTICAL ORGANIC CHEMISTRY-II |
| 260 ## - PUBLICATION, DISTRIBUTION, ETC. (IMPRINT) | |
| Place of publication | MODI NAGAR |
| Name of publisher | UNNATI PUBLICATION |
| Year of publication | 2020 |
| 300 ## - PHYSICAL DESCRIPTION | |
| Number of Pages | 96 P. |
| 650 ## - SUBJECT ADDED ENTRY--TOPICAL TERM | |
| Topical Term | PHARMACY |
| General subdivision | B.PHARMA |
| 942 ## - ADDED ENTRY ELEMENTS (KOHA) | |
| Koha item type | Books |
| Lost status | Damaged status | Collection code | Home library | Current library | Shelving location | Date acquired | Source of acquisition | Cost, normal purchase price | Full call number | Accession Number | Koha item type |
|---|---|---|---|---|---|---|---|---|---|---|---|
| PHARMACY | JRU Library | JRU Library | Shelf - 27- H | 27/02/2021 | PURCHES / 1910/17-02-2021 | 144.00 | 615.19 SHA-L | 25626 | Books | ||
| PHARMACY | JRU Library | JRU Library | Shelf - 27- H | 27/02/2021 | PURCHES / 1910/17-02-2021 | 144.00 | 615.19 SHA-L | 25627 | Books | ||
| PHARMACY | JRU Library | JRU Library | Shelf - 27- H | 27/02/2021 | PURCHES / 1910/17-02-2021 | 144.00 | 615.19 SHA-L | 25628 | Books | ||
| PHARMACY | JRU Library | JRU Library | Shelf - 27- H | 27/02/2021 | PURCHES / 1910/17-02-2021 | 144.00 | 615.19 SHA-L | 25629 | Books | ||
| Reference | JRU Library | JRU Library | SHELF - 10 - A | 27/02/2021 | PURCHES / 1910/17-02-2021 | 144.00 | 615.19 SHA-L | 25625 | Books |